Loading...

Karimottukal /

Bibliographic Details
Main Author: Pillai, Pindaani N. B.
Format: Printed Book
Language:Malayalam
Published: Sahitya Pravarthaka Sahakarana Sangam , 1963.
LEADER 00409nam a2200121Ia 4500
008 150624b xxu||||| |||| 00| | mal d
100 |a Pillai, Pindaani N. B. 
245 |c Pindaani N. B. Pillai  |a Karimottukal / 
260 |b Sahitya Pravarthaka Sahakarana Sangam ,  |c 1963. 
546 |a In Malayalam. 
942 |c BK 
999 |c 72730  |d 72730 
952 |0 1  |1 0  |4 0  |7 0  |9 72676  |a UL  |b UL  |c ST1  |d 1998-09-15  |l 0  |p 6854  |r 2012-10-27  |w 2012-10-27  |y BK